000 00550nam a2200145Ia 4500
008 100122s9999 xx 000 0 und d
082 _b26372
_a49
100 _aजागीरदार प्र ज
245 _aकाही विचारवंत काही इतिहास
260 _bराधेय प्रकाशन
_c1978
300 _a116
630 _aकाही विचारवंत काही इतिहास
730 _aकाही विचारवंत काही इतिहास
942 _cBOOK
999 _c412867
_d412864